Hubungan kemasyarakatan di antara orang Islam dengan orang bukan Islam menurut pandangan Islam
Saved in:
| Main Author: | |
|---|---|
| Format: | Thesis Book |
| Published: |
2004.
|
| Subjects: | |
| Tags: |
Add Tag
No Tags, Be the first to tag this record!
|
| LEADER | 00770cam a2200193 7i4500 | ||
|---|---|---|---|
| 001 | 0000048687 | ||
| 005 | 20210118090000.0 | ||
| 008 | 050508n | ||
| 090 | 0 | 0 | |a BP163 |b .F29 2004 |
| 100 | 0 | |a Fauzi Yusoh |e author | |
| 245 | 1 | 0 | |a Hubungan kemasyarakatan di antara orang Islam dengan orang bukan Islam menurut pandangan Islam |c Fauzi Bin Yusoh. |
| 260 | 2 | |c 2004. | |
| 300 | |a xvi, 99 leaves; |c 30 cm. | ||
| 502 | |a Thesis (Sarjana Pengajian Islam) -- Fakulti Pengajian Islam, Universiti Kebangsaan Malaysia, 2004 | ||
| 610 | 2 | 0 | |a Universiti Kebangsaan Malaysia -- |x Dissertations |
| 650 | 0 | |a Dhimmis | |
| 650 | 0 | |a Minorities (Islamic law) | |
| 650 | 0 | |a Dissertations, Academic -- |z Malaysia | |
| 999 | |a 1000101832 |b Thesis |c Reference |e Badak Thesis Collection | ||
